[Event "Gatineau LEO-ch A"]
[Site "Gatineau CAN"]
[Date "2011.04.26"]
[Round "3"]
[White "Cossette, Daniel"]
[Black "Gagnon, Fabien"]
[Result "1/2-1/2"]
[WhiteElo "2022"]
[BlackElo "1978"]
[PlyCount "50"]
[GameId "2160767909778917"]
[EventDate "2011.04.12"]
[EventType "swiss"]
[EventRounds "6"]
[EventCountry "CAN"]
[SourceTitle "EXT 2022"]
[Source "ChessBase"]
[SourceDate "2021.10.06"]
[SourceVersion "1"]
[SourceVersionDate "2021.10.06"]
[SourceQuality "1"]

1. e4 g6 2. d4 Bg7 3. Nc3 c5 4. Nf3 cxd4 5. Nxd4 a6 6. Bc4 d6 7. Be3 Nf6 8. f3 b5 9. Bb3 Bb7 10. Qd2 Nbd7 11. Bh6 Bxh6 12. Qxh6 Nb6 13. Rd1 Qc7 14. Qg7 Rf8 15. e5 dxe5 16. Bxf7+ Rxf7 17. Qh8+ Rf8 18. Qxf8+ Kxf8 19. Ne6+ Kf7 20. Nxc7 Rc8 21. N7xb5 axb5 22. Nxb5 Rxc2 23. Rd2 Rc1+ 24. Rd1 Rc2 25. Rd2 Rc1+ 1/2-1/2

[Event "Gatineau LEO-ch A"]
[Site "Gatineau CAN"]
[Date "2011.05.03"]
[Round "4"]
[White "Gagnon, Fabien"]
[Black "Cossette, Daniel"]
[Result "1/2-1/2"]
[WhiteElo "1978"]
[BlackElo "2022"]
[PlyCount "39"]
[GameId "2160767909778918"]
[EventDate "2011.04.12"]
[EventType "swiss"]
[EventRounds "6"]
[EventCountry "CAN"]
[SourceTitle "EXT 2022"]
[Source "ChessBase"]
[SourceDate "2021.10.06"]
[SourceVersion "1"]
[SourceVersionDate "2021.10.06"]
[SourceQuality "1"]

1. e4 c5 2. c4 Nc6 3. g3 g6 4. Bg2 Bg7 5. Ne2 d6 6. Nbc3 e6 7. O-O Nge7 8. d3 O-O 9. Be3 Nd4 10. Rb1 Rb8 11. a3 a6 12. b4 Nxe2+ 13. Nxe2 cxb4 14. axb4 b5 15. cxb5 axb5 16. Qc2 Bd7 17. Rfc1 Rc8 18. Qd2 Rxc1+ 19. Rxc1 Qb8 20. d4 1/2-1/2

[Event "Gatineau LEO-ch A"]
[Site "Gatineau CAN"]
[Date "2011.05.09"]
[Round "5"]
[White "Guimond, Michel"]
[Black "Gagnon, Fabien"]
[Result "0-1"]
[WhiteElo "1945"]
[BlackElo "1978"]
[PlyCount "138"]
[GameId "2160767909778919"]
[EventDate "2011.04.12"]
[EventType "swiss"]
[EventRounds "6"]
[EventCountry "CAN"]
[SourceTitle "EXT 2022"]
[Source "ChessBase"]
[SourceDate "2021.10.06"]
[SourceVersion "1"]
[SourceVersionDate "2021.10.06"]
[SourceQuality "1"]

1. e4 c5 2. Bc4 Nc6 3. d3 e6 4. Nc3 Nge7 5. Bg5 h6 6. Bh4 g5 7. Bg3 Ng6 8. Nge2 e5 9. a4 d6 10. Nd5 Bg7 11. f3 O-O 12. Qd2 b6 13. Bf2 a6 14. g3 Rb8 15. h4 gxh4 16. gxh4 b5 17. axb5 axb5 18. Ba2 Nge7 19. Rg1 Kh7 20. Rxg7+ Kxg7 21. Nf6 Ng8 22. Nh5+ Kh7 23. O-O-O Qa5 24. Rg1 Qxd2+ 25. Kxd2 Be6 26. Bd5 Bxd5 27. exd5 Nd4 28. Nxd4 exd4 29. Bg3 Rbd8 30. Bf4 f6 31. Rg7+ Kh8 32. Rg6 Rd7 33. c3 dxc3+ 34. Kxc3 Kh7 35. Rg2 Rff7 36. Bc1 Ne7 37. Nf4 Rg7 38. Rf2 b4+ 39. Kc4 Nf5 40. Nh5 Rg6 41. b3 Kg8 42. Bb2 Kf7 43. Kb5 Re7 44. Kc6 Re3 45. Bc1 Rxd3 46. Nf4 Rxb3 47. Nxg6 Kxg6 48. Bf4 Rc3 49. Bxd6 b3 50. Bf4 Nd4+ 51. Kb6 Rxf3 52. Rxf3 Nxf3 53. Bc1 Kf7 54. Kxc5 Nxh4 55. Kc4 h5 56. Kxb3 Nf3 57. Ba3 h4 58. d6 Ke6 59. Bb2 f5 60. Bc1 Kxd6 61. Kc3 h3 62. Bf4+ Ke6 63. Kd3 h2 64. Bxh2 Nxh2 65. Ke2 Ke5 66. Kf2 Kf4 67. Kg2 Ng4 68. Kf1 Kf3 69. Kg1 Ke2 0-1

[Event "Gatineau LEO-ch A"]
[Site "Gatineau CAN"]
[Date "2011.05.14"]
[Round "6"]
[White "Desjardins, Michel"]
[Black "Gagnon, Fabien"]
[Result "1-0"]
[WhiteElo "1872"]
[BlackElo "1978"]
[PlyCount "59"]
[GameId "2160767909778920"]
[EventDate "2011.04.12"]
[EventType "swiss"]
[EventRounds "6"]
[EventCountry "CAN"]
[SourceTitle "EXT 2022"]
[Source "ChessBase"]
[SourceDate "2021.10.06"]
[SourceVersion "1"]
[SourceVersionDate "2021.10.06"]
[SourceQuality "1"]

1. e4 Nf6 2. Nc3 d5 3. e5 Ne4 4. Nxe4 dxe4 5. d4 exd3 6. Bxd3 g6 7. Nf3 Bg7 8. O-O O-O 9. Bf4 c5 10. Re1 Qb6 11. Rb1 Rd8 12. Qe2 Nc6 13. c3 Rxd3 14. Qxd3 Bf5 15. Qe2 Bxb1 16. Rxb1 Rd8 17. e6 f6 18. h4 Rd5 19. Kh2 h6 20. Qe4 Rf5 21. g4 Rxf4 22. Qxf4 c4 23. Kg1 Qc5 24. Rd1 b5 25. Qe4 f5 26. gxf5 gxf5 27. Qd5 Qxd5 28. Rxd5 b4 29. Rc5 b3 30. axb3 1-0

[Event "Gatineau sim1"]
[Site "Gatineau CAN"]
[Date "2011.09.06"]
[Round "?"]
[White "Forget, David"]
[Black "Sambuev, Bator"]
[Result "0-1"]
[WhiteElo "2047"]
[BlackElo "2517"]
[PlyCount "52"]
[GameId "2160767909648785"]
[EventDate "2011.09.06"]
[EventType "simul"]
[EventRounds "1"]
[EventCountry "CAN"]
[SourceTitle "CBM 144 Extra"]
[Source "ChessBase"]
[SourceDate "2011.10.28"]
[SourceVersion "1"]
[SourceVersionDate "2011.10.28"]
[SourceQuality "1"]

1. d4 Nf6 2. c4 e6 3. Nc3 Bb4 4. Bd2 O-O 5. e3 c5 6. Nf3 d5 7. a3 Bxc3 8. Bxc3 Ne4 9. cxd5 exd5 10. Be2 Nc6 11. dxc5 Nxc3 12. bxc3 Qa5 13. O-O Qxc5 14. Qb3 b6 15. Rfd1 Be6 16. Nd4 Na5 17. Qb4 Rac8 18. Rac1 Nc4 19. Bxc4 Qxc4 20. Nb5 a5 21. Qb2 Qc5 22. Nd4 h6 23. h3 Rb8 24. Rb1 Rfc8 25. Rdc1 b5 26. Nxb5 Bf5 0-1

[Event "Gatineau sim1"]
[Site "Gatineau CAN"]
[Date "2011.09.06"]
[Round "?"]
[White "Sambuev, Bator"]
[Black "Desjardins, Michel"]
[Result "1/2-1/2"]
[WhiteElo "2517"]
[BlackElo "1986"]
[PlyCount "93"]
[GameId "2160767909648795"]
[EventDate "2011.09.06"]
[EventType "simul"]
[EventRounds "1"]
[EventCountry "CAN"]
[SourceTitle "CBM 144 Extra"]
[Source "ChessBase"]
[SourceDate "2011.10.28"]
[SourceVersion "1"]
[SourceVersionDate "2011.10.28"]
[SourceQuality "1"]

1. e4 d5 2. exd5 Qxd5 3. Nc3 Qd6 4. d4 Nf6 5. Nf3 a6 6. Ne5 Nc6 7. Nxc6 Qxc6 8. d5 Qd6 9. Be2 e5 10. O-O Bf5 11. f4 O-O-O 12. fxe5 Qc5+ 13. Kh1 Nxd5 14. Bg4 Be6 15. Bxe6+ fxe6 16. Qg4 Qc6 17. Bg5 Rd7 18. Nxd5 Rxd5 19. Rad1 Bc5 20. Bh4 Rg8 21. h3 Kb8 22. Rf7 g5 23. Rdf1 h6 24. Be1 Rd4 25. Qf3 Qxf3 26. R7xf3 g4 27. hxg4 Rdxg4 28. g3 R8g5 29. Rf4 Bd4 30. Rxg4 Rxg4 31. Rf8+ Ka7 32. Rf4 Rxf4 33. gxf4 Bxb2 34. f5 exf5 35. e6 Bf6 36. Bb4 Kb6 37. e7 Bxe7 38. Bxe7 Kb5 39. Kg2 Kc4 40. Bf6 b5 41. Kf3 h5 42. Kf4 h4 43. Kxf5 h3 44. Be5 h2 45. Bxh2 Kc3 46. Bxc7 Kxc2 47. Bd6 1/2-1/2

[Event "Gatineau sim2"]
[Site "Gatineau CAN"]
[Date "2011.09.16"]
[Round "?"]
[White "Short, Nigel"]
[Black "Desjardins, Michel"]
[Result "1-0"]
[WhiteElo "2658"]
[BlackElo "1986"]
[PlyCount "67"]
[GameId "2160767909648337"]
[EventDate "2011.09.16"]
[EventType "simul"]
[EventRounds "1"]
[EventCountry "CAN"]
[SourceTitle "CBM 144 Extra"]
[Source "ChessBase"]
[SourceDate "2011.10.28"]
[SourceVersion "1"]
[SourceVersionDate "2011.10.28"]
[SourceQuality "1"]

1. e4 d5 2. exd5 Qxd5 3. Nf3 Bg4 4. Be2 Nc6 5. O-O O-O-O 6. Nc3 Qd7 7. b4 Nf6 8. b5 Bxf3 9. Bxf3 Nd4 10. Re1 Qf5 11. d3 Nxf3+ 12. Qxf3 Qxf3 13. gxf3 e6 14. Rb1 Nd5 15. Nxd5 Rxd5 16. Rb3 Bd6 17. Kg2 Rd8 18. c4 Rh5 19. h3 Bc5 20. a4 b6 21. Re4 Bd4 22. Bd2 Kb7 23. a5 Rf5 24. a6+ Kc8 25. Be3 e5 26. f4 f6 27. h4 g6 28. Bxd4 Rxd4 29. Rxd4 exd4 30. Kg3 g5 31. fxg5 fxg5 32. hxg5 Rxg5+ 33. Kf4 Rh5 34. Ke4 1-0

[Event "Gatineau sim2"]
[Site "Gatineau CAN"]
[Date "2011.09.16"]
[Round "?"]
[White "Short, Nigel"]
[Black "Forget, David"]
[Result "1-0"]
[WhiteElo "2658"]
[BlackElo "2047"]
[PlyCount "66"]
[GameId "2160767909648339"]
[EventDate "2011.09.16"]
[EventType "simul"]
[EventRounds "1"]
[EventCountry "CAN"]
[SourceTitle "CBM 144 Extra"]
[Source "ChessBase"]
[SourceDate "2011.10.28"]
[SourceVersion "1"]
[SourceVersionDate "2011.10.28"]
[SourceQuality "1"]

1. e4 e6 2. d4 d5 3. Nc3 Bb4 4. e5 c5 5. a3 Bxc3+ 6. bxc3 Ne7 7. h4 Nbc6 8. h5 h6 9. Qg4 Nf5 10. Bd3 O-O 11. Nf3 c4 12. Bxf5 exf5 13. Qg3 Kh7 14. a4 Qa5 15. Bd2 Be6 16. O-O Rab8 17. Rfb1 a6 18. Kh2 Rg8 19. Qf4 Ne7 20. Ng1 Rgc8 21. Nh3 Rc6 22. f3 Rb6 23. Rc1 Rb2 24. Qh4 Nc6 25. Qe1 b5 26. axb5 Qxb5 27. Nf4 a5 28. Qg3 Ne7 29. Qh4 Nc6 30. g4 fxg4 31. Nxe6 fxe6 32. Qxg4 Nd8 33. Qg6+ Kh8 1-0

[Event "Gatineau sim2"]
[Site "Gatineau CAN"]
[Date "2011.09.16"]
[Round "?"]
[White "Short, Nigel"]
[Black "Gagnon, Serge"]
[Result "1-0"]
[WhiteElo "2658"]
[BlackElo "2101"]
[PlyCount "58"]
[GameId "2160767909648340"]
[EventDate "2011.09.16"]
[EventType "simul"]
[EventRounds "1"]
[EventCountry "CAN"]
[SourceTitle "CBM 144 Extra"]
[Source "ChessBase"]
[SourceDate "2011.10.28"]
[SourceVersion "1"]
[SourceVersionDate "2011.10.28"]
[SourceQuality "1"]

1. d4 d6 2. e4 Nf6 3. Nc3 g6 4. Be3 Bg7 5. Qd2 O-O 6. O-O-O c6 7. Bh6 b5 8. f3 Nbd7 9. h4 Qa5 10. Kb1 b4 11. Nce2 Ba6 12. g4 c5 13. h5 Rfc8 14. hxg6 fxg6 15. Bxg7 Kxg7 16. Qh6+ Kg8 17. Nh3 Bxe2 18. Bxe2 c4 19. g5 Ne8 20. Nf4 Nf8 21. d5 Ng7 22. Bf1 e5 23. dxe6 Qe5 24. Nd5 Ngxe6 25. Ne7+ Kf7 26. Nxc8 Rxc8 27. Bh3 Rc6 28. Rd5 Qg7 29. Bxe6+ Nxe6 1-0

[Event "Gatineau sim2"]
[Site "Gatineau CAN"]
[Date "2011.09.16"]
[Round "?"]
[White "Short, Nigel"]
[Black "Libersan, Thierry"]
[Result "1-0"]
[WhiteElo "2658"]
[BlackElo "2083"]
[PlyCount "135"]
[GameId "2160767909648350"]
[EventDate "2011.09.16"]
[EventType "simul"]
[EventRounds "1"]
[EventCountry "CAN"]
[SourceTitle "CBM 144 Extra"]
[Source "ChessBase"]
[SourceDate "2011.10.28"]
[SourceVersion "1"]
[SourceVersionDate "2011.10.28"]
[SourceQuality "1"]

1. d4 Nf6 2. c4 c5 3. e3 cxd4 4. exd4 d5 5. Nc3 Nc6 6. Bg5 Be6 7. Qc2 h6 8. Bxf6 exf6 9. c5 Be7 10. Bb5 O-O 11. Nge2 Qc7 12. O-O Rfe8 13. Rfe1 Rad8 14. Nf4 Qd7 15. Re2 Bf8 16. Rae1 Re7 17. b4 Rde8 18. Ba4 a6 19. a3 g5 20. Nh5 Bg7 21. Nxg7 Kxg7 22. f3 b5 23. cxb6 Qb7 24. Bxc6 Qxc6 25. Re3 Rb7 26. Qd1 Rxb6 27. Na4 Rbb8 28. Nc5 Rb5 29. Qc2 Qd6 30. Qd2 Qb6 31. f4 gxf4 32. Rf3 Qd6 33. Rxf4 Rb6 34. Qf2 Qd8 35. Qg3+ Kh7 36. Qf3 Kg7 37. Rf1 Bc8 38. a4 f5 39. Qc3 Re2 40. R4f2 Re8 41. Re1 Rxe1+ 42. Qxe1 Qf6 43. a5 Rb5 44. Qc3 Qe7 45. Rf1 Qg5 46. Re1 f4 47. Rf1 Bg4 48. Qd2 f3 49. Qxg5+ hxg5 50. gxf3 Bc8 51. Rb1 Kg6 52. Kf2 Kh5 53. Kg3 f5 54. f4 g4 55. Nd3 Rb8 56. Rc1 Bd7 57. Rc7 Bb5 58. Ne5 Kh6 59. Kh4 Ba4 60. Ra7 Bb5 61. Rf7 Be2 62. Rf6+ Kg7 63. Rg6+ Kh7 64. Rb6 Rc8 65. Kg5 Rf8 66. Rb7+ Kg8 67. Kh6 Rd8 68. Ng6 1-0

[Event "Gatineau-RACC m"]
[Site "Gatineau CAN"]
[Date "2011.02.08"]
[Round "?"]
[White "Pacey, Kevin"]
[Black "Cossette, Daniel"]
[Result "1-0"]
[WhiteElo "2329"]
[BlackElo "2044"]
[PlyCount "113"]
[GameId "2160767909812765"]
[EventDate "2011.02.??"]
[EventType "match"]
[EventRounds "1"]
[EventCountry "CAN"]
[SourceTitle "EXT 2022"]
[Source "ChessBase"]
[SourceDate "2021.10.06"]
[SourceVersion "1"]
[SourceVersionDate "2021.10.06"]
[SourceQuality "1"]

1. e4 c5 2. Nf3 Nc6 3. d4 cxd4 4. Nxd4 Nf6 5. Nc3 g6 6. Be3 Bg7 7. Bc4 O-O 8. f3 Qb6 9. Bb3 Nxe4 10. Nd5 Qa5+ 11. c3 Nc5 12. Nxc6 dxc6 13. Nxe7+ Kh8 14. Nxc8 Re8 15. Kf2 Raxc8 16. Bxf7 Rxe3 17. Kxe3 Qb6 18. Ke2 Qb5+ 19. c4 Qxb2+ 20. Qd2 Qf6 21. Bxg6 Qxg6 22. Rag1 Re8+ 23. Kf1 Qb1+ 24. Kf2 Qb6 25. Kg3 Rg8 26. Kh3 Ne6 27. Rb1 Qc5 28. g3 Rd8 29. Qe2 Qf5+ 30. Kg2 Nd4 31. Qe4 Qxe4 32. fxe4 b5 33. cxb5 cxb5 34. Rhc1 a5 35. Rc7 Bf8 36. Rf1 a4 37. Rff7 h6 38. Rfd7 Rxd7 39. Rxd7 Ne6 40. Ra7 a3 41. Kf3 b4 42. Kg4 Nc5 43. e5 b3 44. axb3 Nxb3 45. e6 Kg8 46. Kf5 Bc5 47. Kf6 h5 48. e7 Bxe7+ 49. Kxe7 Kg7 50. Rxa3 Nd4 51. Rd3 Nf5+ 52. Ke6 Kg6 53. Rd8 Nh6 54. h3 Kg7 55. Rd6 Kg6 56. Ke5+ Kg5 57. h4+ 1-0

[Event "Grand Pacific op"]
[Site "Victoria CAN"]
[Date "2011.04.22"]
[Round "1"]
[White "Aquino, Manfrei"]
[Black "Taylor, James"]
[Result "1-0"]
[WhiteElo "1968"]
[BlackElo "1491"]
[PlyCount "99"]
[GameId "2160767909778845"]
[EventDate "2011.04.22"]
[EventType "swiss"]
[EventRounds "6"]
[EventCountry "CAN"]

1. d4 Nf6 2. c4 c5 3. d5 d6 4. Nc3 Bd7 5. e4 h6 6. Nf3 Na6 7. Be2 Nc7 8. Bf4 Nh5 9. Be3 e6 10. Nd2 Nf6 11. f4 exd5 12. cxd5 a6 13. a4 Be7 14. Bf3 O-O 15. e5 dxe5 16. fxe5 Nfe8 17. O-O Bg5 18. Bxc5 Bf4 19. Bxf8 Kxf8 20. Nc4 Bxh2+ 21. Kxh2 Qh4+ 22. Kg1 Qxc4 23. Bh5 f6 24. e6 Bc8 25. Qe2 Qd4+ 26. Qf2 Qxf2+ 27. Rxf2 Nd6 28. Re1 Ke7 29. Bf3 b6 30. Rd2 Bb7 31. Ne4 Rd8 32. Nxd6 Rxd6 33. Rc2 Ne8 34. Rd1 f5 35. Kf2 g5 36. g3 g4 37. Bg2 Kf6 38. Ke3 Ke5 39. Rcd2 Nf6 40. Rd4 h5 41. Rh1 Rd8 42. Re1 Kd6 43. Kf4 Ke7 44. d6+ Rxd6 45. Rxd6 Kxd6 46. Bxb7 a5 47. Kxf5 Ke7 48. Bc8 Ne8 49. Bd7 Nc7 50. Kg6 1-0

[Event "Grand Pacific op"]
[Site "Victoria CAN"]
[Date "2011.04.22"]
[Round "1"]
[White "Day, Lawrence"]
[Black "Ackroyd, Colin"]
[Result "1-0"]
[WhiteElo "2278"]
[BlackElo "1864"]
[PlyCount "41"]
[GameId "2160767909778846"]
[EventDate "2011.04.22"]
[EventType "swiss"]
[EventRounds "6"]
[EventCountry "CAN"]

1. Nf3 Nf6 2. g3 b6 3. d3 d5 4. c4 e6 5. Bg2 Bb7 6. O-O Be7 7. b3 O-O 8. Bb2 Nbd7 9. Nc3 c5 10. e3 a6 11. Qe2 Qc7 12. Rac1 Rad8 13. cxd5 exd5 14. e4 dxe4 15. dxe4 Bd6 16. Nh4 Rfe8 17. f4 Bf8 18. Rfd1 Nb8 19. e5 g6 20. Rxd8 Qxd8 21. Bxb7 1-0

[Event "Grand Pacific op"]
[Site "Victoria CAN"]
[Date "2011.04.22"]
[Round "1"]
[White "Gansvind, Valeriya"]
[Black "Han, Yifei"]
[Result "1-0"]
[WhiteElo "2225"]
[BlackElo "1833"]
[PlyCount "103"]
[GameId "2160767909778848"]
[EventDate "2011.04.22"]
[EventType "swiss"]
[EventRounds "6"]
[EventCountry "CAN"]
[SourceTitle "EXT 2014"]
[Source "ChessBase"]
[SourceDate "2013.11.20"]
[SourceVersion "1"]
[SourceVersionDate "2013.11.20"]
[SourceQuality "1"]

1. d4 d5 2. Bg5 Bg4 3. h3 Bh5 4. g4 Bg6 5. Bg2 c6 6. Nf3 Nd7 7. Nbd2 Qb6 8. Qc1 Ngf6 9. Bf4 c5 10. dxc5 Qxc5 11. c3 Ne4 12. Be3 Qc7 13. Nh4 Nxd2 14. Qxd2 e6 15. Bf4 Qd8 16. Nxg6 hxg6 17. e4 dxe4 18. Bxe4 Nc5 19. Qe2 Nxe4 20. Qxe4 Qb6 21. Qa4+ Qc6 22. Qxc6+ bxc6 23. Rd1 Rd8 24. Rxd8+ Kxd8 25. Kf1 Bc5 26. Kg2 Ke7 27. Rd1 f6 28. b4 Bb6 29. c4 e5 30. Bc1 Rd8 31. Rxd8 Bxd8 32. Be3 Bb6 33. Bxb6 axb6 34. Kf3 f5 35. Ke3 Kd6 36. a4 Kc7 37. h4 Kb7 38. h5 Ka6 39. hxg6 f4+ 40. Kf3 c5 41. bxc5 bxc5 42. Ke4 Ka5 43. Kxe5 Kxa4 44. Kd5 Kb4 45. f3 Kc3 46. Kxc5 Kd3 47. Kd5 Ke3 48. c5 Kxf3 49. c6 Kg2 50. c7 f3 51. c8=Q f2 52. Qf5 1-0

[Event "Grand Pacific op"]
[Site "Victoria CAN"]
[Date "2011.04.22"]
[Round "1"]
[White "Ma, Lan"]
[Black "Sohal, Tanraj"]
[Result "0-1"]
[WhiteElo "1801"]
[BlackElo "2203"]
[PlyCount "70"]
[GameId "2160767909778850"]
[EventDate "2011.04.22"]
[EventType "swiss"]
[EventRounds "6"]
[EventCountry "CAN"]

1. d4 d5 2. c4 e6 3. Nf3 c6 4. e3 Nf6 5. Nc3 Nbd7 6. a3 a6 7. cxd5 exd5 8. Bd3 Bd6 9. O-O O-O 10. e4 dxe4 11. Nxe4 Nxe4 12. Bxe4 Nf6 13. Bg5 h6 14. Bxf6 Qxf6 15. Qc2 Be6 16. Rad1 Rad8 17. Rfe1 Kh8 18. Qc3 Bg4 19. h3 Bh5 20. Qa5 Bxf3 21. Bxf3 Qf4 22. Re4 Qh2+ 23. Kf1 Bc7 24. Qf5 Rd5 25. Qg4 Kh7 26. Re7 Bd8 27. Bxd5 Bxe7 28. Bf3 Bd6 29. Qf5+ g6 30. Qd7 Qf4 31. Qxb7 Rb8 32. Qxc6 Rxb2 33. Qxa6 Qh2 34. Ke1 Bxa3 35. Qc4 Qg1+ 0-1

[Event "Grand Pacific op"]
[Site "Victoria CAN"]
[Date "2011.04.22"]
[Round "1"]
[White "Murray, Mike"]
[Black "Wu, Ruining (Ray)"]
[Result "1/2-1/2"]
[WhiteElo "1937"]
[BlackElo "1422"]
[PlyCount "118"]
[GameId "2160767909778851"]
[EventDate "2011.04.22"]
[EventType "swiss"]
[EventRounds "6"]
[EventCountry "CAN"]

1. Nc3 d5 2. e4 d4 3. Nce2 e5 4. Ng3 Nf6 5. Bc4 Be7 6. Nf3 Nbd7 7. d3 Bb4+ 8. Kf1 O-O 9. Nf5 Bd6 10. N3h4 Nb6 11. Bb3 a5 12. a3 Be6 13. Bg5 a4 14. Ba2 h6 15. Bd2 c5 16. Qf3 Kh7 17. Nxd6 Qxd6 18. Nf5 Bxf5 19. Qxf5+ g6 20. Qh3 Nh5 21. g4 Nf4 22. Qf3 Rae8 23. Re1 Kg7 24. Rg1 Re7 25. Rg3 Rc8 26. Kg1 g5 27. Kh1 Rce8 28. Rgg1 Rc7 29. Bxf4 exf4 30. Qe2 Nd7 31. f3 Ne5 32. Kg2 b5 33. h4 f6 34. Rh1 c4 35. hxg5 fxg5 36. Qd2 cxd3 37. cxd3 Rec8 38. Rc1 Rc5 39. Rxc5 Qxc5 40. Bb1 Nf7 41. Kf2 Ne5 42. Ke2 Rc6 43. Qa5 Nf7 44. Rd1 Qe5 45. Ba2 Rc2+ 46. Rd2 Rxd2+ 47. Kxd2 Nd6 48. Qd8 Ne8 49. Qd7+ Kh8 50. Qf7 Nf6 51. Qf8+ Kh7 52. Qf7+ Kh8 53. Qg6 Qe7 54. Qxh6+ Nh7 55. Qg6 Qf8 56. e5 b4 57. Bd5 bxa3 58. bxa3 Qb8 59. Be4 Qb2+ 1/2-1/2

[Event "Grand Pacific op"]
[Site "Victoria CAN"]
[Date "2011.04.22"]
[Round "1"]
[White "Seedhouse, Ed"]
[Black "Hamm, Robert"]
[Result "1-0"]
[WhiteElo "2050"]
[BlackElo "1619"]
[PlyCount "79"]
[GameId "2160767909778852"]
[EventDate "2011.04.22"]
[EventType "swiss"]
[EventRounds "6"]
[EventCountry "CAN"]

1. e4 e6 2. d3 b6 3. Nd2 c5 4. g3 Bb7 5. Bg2 Nc6 6. Ne2 Nge7 7. O-O Ng6 8. f4 Be7 9. Nc3 Nd4 10. Nf3 a6 11. Ne2 Nxf3+ 12. Bxf3 Qc7 13. Nc3 h5 14. h4 O-O-O 15. e5 Bxf3 16. Qxf3 Kb8 17. Bd2 f5 18. a3 d6 19. exd6 Bxd6 20. b4 Ne7 21. Na4 g6 22. bxc5 Bxc5+ 23. Nxc5 Qxc5+ 24. Qe3 Qc6 25. c4 Rd6 26. Bc3 Rhd8 27. Be5 Ka8 28. Bxd6 Rxd6 29. Rad1 Qd7 30. d4 Nc6 31. d5 Ne7 32. dxe6 Qd8 33. Rxd6 Qxd6 34. Rf2 Ng8 35. Rd2 Qc7 36. Qf3+ Kb8 37. Qd5 Ne7 38. Qd8+ Qxd8 39. Rxd8+ Kb7 40. Rd7+ 1-0

[Event "Grand Pacific op"]
[Site "Victoria CAN"]
[Date "2011.04.22"]
[Round "1"]
[White "Yam, Alex"]
[Black "Cruden, Neil B"]
[Result "1-0"]
[WhiteElo "2164"]
[BlackElo "1886"]
[PlyCount "57"]
[GameId "2160767909778853"]
[EventDate "2011.04.22"]
[EventType "swiss"]
[EventRounds "6"]
[EventCountry "CAN"]
[SourceTitle "EXT 2014"]
[Source "ChessBase"]
[SourceDate "2013.11.20"]
[SourceVersion "1"]
[SourceVersionDate "2013.11.20"]
[SourceQuality "1"]

1. e4 e5 2. f4 d5 3. exd5 e4 4. d3 Nf6 5. Nd2 exd3 6. Bxd3 Qxd5 7. Ngf3 Bc5 8. Qe2+ Qe6 9. Ne5 O-O 10. Ne4 Nxe4 11. Qxe4 f5 12. Qc4 Bb6 13. Bd2 Nc6 14. O-O-O Nxe5 15. fxe5 Kh8 16. Rde1 Bd7 17. Kb1 Rae8 18. Qh4 Bc6 19. Re2 Bd5 20. b3 c5 21. Rf1 a5 22. g4 Bd8 23. Qh3 c4 24. Bxf5 Rxf5 25. gxf5 Qb6 26. f6 gxf6 27. Bc3 Bf7 28. e6 Rxe6 29. Rxe6 1-0

[Event "Grand Pacific op"]
[Site "Victoria CAN"]
[Date "2011.04.23"]
[Round "2"]
[White "Botez, Alexandra"]
[Black "Day, Lawrence"]
[Result "0-1"]
[WhiteElo "1944"]
[BlackElo "2251"]
[PlyCount "82"]
[GameId "2160767909778855"]
[EventDate "2011.04.22"]
[EventType "swiss"]
[EventRounds "6"]
[EventCountry "CAN"]
[SourceTitle "EXT 2014"]
[Source "ChessBase"]
[SourceDate "2013.11.20"]
[SourceVersion "1"]
[SourceVersionDate "2013.11.20"]
[SourceQuality "1"]

1. d4 g6 2. c4 Bg7 3. Nc3 d6 4. e4 Nd7 5. Be3 e5 6. d5 Ne7 7. Bd3 O-O 8. g4 f5 9. gxf5 gxf5 10. Bg5 Nf6 11. Qc2 h6 12. Bd2 fxe4 13. Nxe4 Nf5 14. Ne2 Nxe4 15. Bxe4 Qh4 16. Qd3 Nd4 17. Ng3 Bg4 18. Be3 Nf3+ 19. Bxf3 Bxf3 20. Rf1 e4 21. Qc2 c5 22. Ne2 b5 23. cxb5 a6 24. b6 Rab8 25. Qb3 Qd8 26. Rg1 Kh7 27. Nf4 Rxf4 28. Bxf4 Rxb6 29. Rxg7+ Kxg7 30. Qc3+ Kh7 31. Kd2 Qf8 32. Ke3 Rb4 33. Rg1 Rd4 34. Rg3 Qf5 35. Bxd6 Rd3+ 36. Qxd3 exd3 37. Bxc5 Qe4+ 38. Kd2 Qe2+ 39. Kc3 d2 40. Bd4 d1=N+ 41. Kb4 Qb5+ 0-1

[Event "Grand Pacific op"]
[Site "Victoria CAN"]
[Date "2011.04.23"]
[Round "2"]
[White "Cheng, Louis"]
[Black "Yam, Alex"]
[Result "0-1"]
[WhiteElo "1984"]
[BlackElo "2269"]
[PlyCount "68"]
[GameId "2160767909778856"]
[EventDate "2011.04.22"]
[EventType "swiss"]
[EventRounds "6"]
[EventCountry "CAN"]

1. e4 g6 2. d4 Bg7 3. Nc3 c6 4. Bc4 b5 5. Bb3 a5 6. a3 Ba6 7. Be3 d6 8. Nf3 e6 9. d5 cxd5 10. Nxd5 Nd7 11. Nc3 Nc5 12. Qd2 b4 13. Bd4 bxc3 14. Qxc3 Bxd4 15. Nxd4 Nf6 16. O-O-O Rc8 17. Nc6 Ncxe4 18. Nxd8 Nxc3 19. Rxd6 Ne2+ 20. Kb1 Rxd8 21. Rxa6 O-O 22. Rxa5 Ne4 23. Re1 Nd2+ 24. Ka2 Nxb3 25. Kxb3 Rd2 26. Rc5 Nd4+ 27. Ka4 Ra8+ 28. Ra5 Rc8 29. b4 Nxc2 30. Rc1 Rd3 31. Rc5 Rxa3+ 32. Kb5 Rb8+ 33. Kc6 Nxb4+ 34. Kc7 Na6+ 0-1

[Event "Grand Pacific op"]
[Site "Victoria CAN"]
[Date "2011.04.23"]
[Round "2"]
[White "Davies, Lucas"]
[Black "Aquino, Manfrei"]
[Result "1/2-1/2"]
[WhiteElo "2225"]
[BlackElo "1968"]
[PlyCount "45"]
[GameId "2160767909778857"]
[EventDate "2011.04.22"]
[EventType "swiss"]
[EventRounds "6"]
[EventCountry "CAN"]

1. e4 e5 2. Nf3 Nc6 3. Bb5 a6 4. Ba4 Nf6 5. d3 b5 6. Bb3 Be7 7. c3 d6 8. h3 Na5 9. Bc2 c5 10. Be3 Qc7 11. Nbd2 O-O 12. O-O d5 13. d4 cxd4 14. cxd4 dxe4 15. Nxe5 Bb7 16. Rc1 Qd6 17. Qe2 Rac8 18. Rfd1 Qe6 19. Bg5 Rfd8 20. Nb3 Nxb3 21. Bxb3 Bd5 22. Bxd5 Qxd5 23. Rxc8 1/2-1/2

[Event "Grand Pacific op"]
[Site "Victoria CAN"]
[Date "2011.04.23"]
[Round "2"]
[White "Ebrahim Shirazi, Behrooz"]
[Black "Gansvind, Valeriya"]
[Result "0-1"]
[WhiteElo "2086"]
[BlackElo "2225"]
[PlyCount "41"]
[GameId "2160767909778858"]
[EventDate "2011.04.22"]
[EventType "swiss"]
[EventRounds "6"]
[EventCountry "CAN"]
[SourceTitle "EXT 2014"]
[Source "ChessBase"]
[SourceDate "2013.11.20"]
[SourceVersion "1"]
[SourceVersionDate "2013.11.20"]
[SourceQuality "1"]

1. d4 Nf6 2. c4 e5 3. dxe5 Ng4 4. Bf4 Bb4+ 5. Nd2 d6 6. exd6 Qf6 7. Nh3 Nxf2 8. Kxf2 Bxh3 9. e3 Bf5 10. dxc7 Na6 11. g4 Bc8 12. Ne4 Qxb2+ 13. Kg3 O-O 14. Rb1 Qa3 15. Bg2 Ba5 16. Rb3 Qe7 17. c5 Bxc7 18. Bxc7 Qxc7+ 19. Qd6 Rb8 20. Qxc7 Nxc7 21. c6 0-1